Science Quiz

Random Science or Biology Quiz

Human Eye Anatomy Quiz Stats

 Plays Quiz Updated Nov 13, 2017

Challenge
Share
Tweet
Score 0/16 Timer 04:00
239 Plays Today
% Correct
Pupil
82.8%
Lens
82.1%
Vitreous Humour
78.5%
Cornea
71.5%
Retinal Blood Vessels
71.5%
Optic Disc
71.4%
Optic Nerve
71%
Ciliary Muscle
70.5%
% Correct
Sclera
70.2%
Suspensory Ligament
68%
Iris
67.7%
Fovea Centralis
66.7%
Anterior Chamber
65%
Choroid
62.4%
Retina
62.2%
Posterior Chamber
57.6%

You're not logged in!

Compare scores with friends on all Sporcle quizzes.
OR
Log In

You Might Also Like...

Show Comments

Extras

Top Quizzes Today


Score Distribution

Your Account Isn't Verified!

In order to create a playlist on Sporcle, you need to verify the email address you used during registration. Go to your Sporcle Settings to finish the process.

Report this User

Report this user for behavior that violates our Community Guidelines.

Details: